000 00656 a2200193 4500
010 _aENG-90148
020 _c300.00(app)
035 _aEN-73681
037 _bDBAD / PUB
082 1 4 _a915.15
090 _c12537
_d12537
100 1 _a Pranavananda, Swami
245 1 _aKailas-Manasarovar/
_cby Swami Pranavananda
260 _aBangalore
_bAdmirers of Swami Pranavananda
_c2007 (repr.).
270 _bBangalore
_a1138, 18th Cross, BSK II Stage
_e560 070
300 _axxiii, 242p.:
_c22 cm. (Hb)
_bb&w photos
942 _adpl
_cEN
_k915.15 / PRA
999 _c12177
_d12177